| 000 | 00551nam a2200169 i 4500 | ||
|---|---|---|---|
| 001 | 52787 | ||
| 003 | ES-MaACL | ||
| 005 | 20230906162638.0 | ||
| 007 | t| | ||
| 008 | 030904s1934 sp ||||1| spa d | ||
| 100 | 1 |
_aDecroly, Ovide. _943187 |
|
| 245 | 1 | 0 |
_aPsicología aplicada a la educación / _cO. Decroly ; traducción del francés y prólogo de Jacobo Orellana Garrido. |
| 260 |
_aMadrid : _bFrancisco Beltrán, _c1934 ( _fImp. Torrent) |
||
| 300 |
_a278 p. ; _c19 cm. |
||
| 700 | 1 |
_aOrellana Garrido, Jacobo. _987228 |
|
| 852 |
_aES-MaACL _jA-2719 |
||
| 999 |
_c52787 _d52787 |
||